LEADER 01079nam a2200289 i 4500 001 991002083159707536 005 19930607100425.5 008 910226s1991 wiug b 001 0 eng 020 $a0895792567 035 $ab13473189-39ule_inst 040 $aDip.to Beni Arti e Storia$bita 082 0 $a781.3/453$220 100 1 $aCope, David.$0624895 245 10$aComputers and musical style /$cDavid Cope. 260 $aMadison, Wis. :$bA-R Editions,$cc1991. 300 $axvii, 246 p. :$bmusica ;$c24 cm. 440 4$aThe Computer music and digital audio series ;$vv. 6 504 $aInclude bibliografia e indice 650 0$aStile$xMusica$xComputer$xProgrammi 650 0$aComputer$xComposizione 650 0$aLISP (Computer program language) 907 $a.b13473189$b25-01-07$c25-01-07 912 $a991002083159707536 945 $aLE019 A22 MUS C 20$cV. 6$g1$i2019000014786$lle019$o-$pE0.00$q-$rl$s- $t0$u0$v0$w0$x0$y.i14353763$z25-01-07 996 $aComputers and musical style$91095185 997 $aUNISALENTO 998 $ale019$b25-01-07$cm$da $e-$feng$gwiu$h0$i0 LEADER 03491nas 2201093-a 450 001 9910145538903321 005 20260218110054.0 011 $a1349-8355 035 $a(DE-599)ZDB2394257-5 035 $a(CKB)991042752792226 035 $a(CONSER)sn-96039770- 035 $a(DE-599)2394257-5 035 $a(EXLCZ)99991042752792226 100 $a19961004b19962011 --- - 101 0 $aeng 181 $ctxt$2rdacontent 182 $cc$2rdamedia 183 $acr$2rdacarrier 200 00$aBioscience and microflora 210 $aTokyo $cJapan Bifidus Foundation$d©1996- 215 $a1 online resource 300 $aTitle from cover. 311 08$aPrint version: Bioscience and microflora. 1342-1441 (DLC)sn 96039770 (OCoLC)35682453 531 $aBIOSCIENCE & MICROFLORA 531 $aBIOSCI MICROFLORA 606 $aBiology$vPeriodicals 606 $aIntestines$xMicrobiology$vPeriodicals 606 $aBifidobacterium$vPeriodicals 606 $aBifidobacterium 606 $aLife sciences 606 $aMicrobiology 606 $aIntestines$xMicrobiology$xPeriodicals 606 $aBifidobacterium$xPeriodicals 606 $aMicrobiology$vPeriodicals 606 $aBifidobacterium 606 $aBiological Science Disciplines 606 $aIntestinal Diseases$xmicrobiology 606 $aIntestines$xmicrobiology 606 $aMicrobiology 606 $aBiologie$vPériodiques 606 $aIntestins$xMicrobiologie$xPériodiques 606 $aBifidobacterium$xPériodiques 606 $aMicrobiologie$vPériodiques 606 $aIntestins$xMicrobiologie$vPériodiques 606 $aBifidobacterium$vPériodiques 606 $aBifidobacterium 606 $aSciences de la vie 606 $aMicrobiologie 606 $abiological sciences$2aat 606 $amicrobiology$2aat 606 $aMicrobiology$2fast$3(OCoLC)fst01019576 606 $aLife sciences$2fast$3(OCoLC)fst00998323 606 $aBifidobacterium$2fast$3(OCoLC)fst00831559 606 $aBiology$2fast$3(OCoLC)fst00832383 606 $aIntestines$xMicrobiology$2fast$3(OCoLC)fst00977690 608 $aPeriodical. 608 $aPeriodicals.$2fast 615 0$aBiology 615 0$aIntestines$xMicrobiology 615 0$aBifidobacterium 615 0$aBifidobacterium. 615 0$aLife sciences. 615 0$aMicrobiology. 615 0$aIntestines$xMicrobiology$xPeriodicals. 615 0$aBifidobacterium$xPeriodicals. 615 0$aMicrobiology 615 2$aBifidobacterium. 615 2$aBiological Science Disciplines. 615 2$aIntestinal Diseases$xmicrobiology. 615 2$aIntestines$xmicrobiology. 615 2$aMicrobiology. 615 6$aBiologie 615 6$aIntestins$xMicrobiologie$xPériodiques. 615 6$aBifidobacterium$xPériodiques. 615 6$aMicrobiologie 615 6$aIntestins$xMicrobiologie 615 6$aBifidobacterium 615 6$aBifidobacterium. 615 6$aSciences de la vie. 615 6$aMicrobiologie. 615 7$abiological sciences. 615 7$amicrobiology. 615 7$aMicrobiology. 615 7$aLife sciences. 615 7$aBifidobacterium. 615 7$aBiology. 615 7$aIntestines$xMicrobiology. 676 $a516.1505 712 02$aNihon Bifizusukin Senta?. 906 $aJOURNAL 912 $a9910145538903321 920 $aexl_impl conversion 996 $aBioscience and microflora$92080172 997 $aUNINA